Textbook of anatomy and physiology for health professionals / (Record no. 12080)
[ view plain ]
| 000 -LEADER | |
|---|---|
| fixed length control field | 01021cam a22003012 4500 |
| 001 - CONTROL NUMBER | |
| control field | 0000018937 |
| 005 - DATE AND TIME OF LATEST TRANSACTION | |
| control field | 20151217155223.0 |
| 008 - FIXED-LENGTH DATA ELEMENTS--GENERAL INFORMATION | |
| fixed length control field | 100817s xx 000 0 eng d |
| 020 ## - INTERNATIONAL STANDARD BOOK NUMBER | |
| International Standard Book Number | 8123916569 |
| 040 ## - CATALOGING SOURCE | |
| Original cataloging agency | KABU |
| Transcribing agency | KABU |
| 100 1# - MAIN ENTRY--PERSONAL NAME | |
| Personal name | Khurana, Indu. |
| -- | 0000178423 |
| 245 10 - TITLE STATEMENT | |
| Title | Textbook of anatomy and physiology for health professionals / |
| Statement of responsibility, etc. | Indu Khurana, Arushi. |
| 250 ## - EDITION STATEMENT | |
| Edition statement | 1st ed. |
| 260 ## - PUBLICATION, DISTRIBUTION, ETC. (IMPRINT) | |
| Place of publication, distribution, etc. | New Delhi : |
| Name of publisher, distributor, etc. | CBS, |
| Date of publication, distribution, etc. | 2009. |
| 300 ## - PHYSICAL DESCRIPTION | |
| Extent | viii, 512 p. |
| 650 #0 - SUBJECT ADDED ENTRY--TOPICAL TERM | |
| Topical term or geographic name as entry element | Human anatomy. |
| -- | 0000155598 |
| 650 #0 - SUBJECT ADDED ENTRY--TOPICAL TERM | |
| Topical term or geographic name as entry element | Human physiology. |
| -- | 0000155597 |
| 650 #0 - SUBJECT ADDED ENTRY--TOPICAL TERM | |
| Topical term or geographic name as entry element | Pathology. |
| -- | 0000178277 |
| 650 #0 - SUBJECT ADDED ENTRY--TOPICAL TERM | |
| Topical term or geographic name as entry element | Nursing. |
| -- | 0000155852 |
| 650 #0 - SUBJECT ADDED ENTRY--TOPICAL TERM | |
| Topical term or geographic name as entry element | Anatomy |
| General subdivision | Nurses instruction. |
| -- | 0000178311 |
| 650 #0 - SUBJECT ADDED ENTRY--TOPICAL TERM | |
| Topical term or geographic name as entry element | Physiology. |
| General subdivision | Nurses instruction. |
| -- | 0000178312 |
| 700 1# - ADDED ENTRY--PERSONAL NAME | |
| Personal name | Arushi. |
| -- | 0000178424 |
| 852 1# - LOCATION | |
| -- | p1390 KES |
| 852 1# - LOCATION | |
| -- | p1390 KES |
| 852 1# - LOCATION | |
| -- | p1390 KES |
| 908 ## - PUT COMMAND PARAMETER (RLIN) | |
| Put command parameter | 100817 |
| 950 ## - LOCAL HOLDINGS (RLIN) | |
| -- | 1 |
| Withdrawn status | Lost status | Source of classification or shelving scheme | Not for loan | Home library | Current library | Date acquired | Total Checkouts | Total Renewals | Full call number | Barcode | Date last seen | Date last checked out | Price effective from | Koha item type |
|---|---|---|---|---|---|---|---|---|---|---|---|---|---|---|
| Library of Congress Classification | Kabarak, Main Campus | Kabarak, Main Campus | 17/12/2015 | 47 | 5 | RT69 .K48 2009 c. 3 | 24630 | 24/03/2023 | 07/03/2023 | 17/12/2015 | General Collection | |||
| Library of Congress Classification | Kabarak, Main Campus | Kabarak, Main Campus | 17/12/2015 | 41 | 6 | RT69 .K48 2009 c. 2 | 24633 | 19/07/2025 | 14/07/2025 | 17/12/2015 | General Collection | |||
| Library of Congress Classification | Kabarak, Main Campus | Kabarak, Main Campus | 17/12/2015 | 51 | 7 | RT69 .K48 2009 c. 1 | 24636 | 31/10/2025 | 18/10/2025 | 17/12/2015 | General Collection |